Ľudské hodnoty, etika, udržateľnosť a kvalita života: teória a prax
Hodnoty a hodnotové orientácie jednotlivcov. Teória hodnôt a postmodernizmus. Definícia hodnôt podľa psychológov. Hodnoty a súčasná realita. Problémy s hodnotami. Hodnoty zlučiteľné s predstavou trvalo udržateľného spôsobu života.
Guardado en:
| Autor principal: | |
|---|---|
| Formato: | Capítulo de libro |
| Lenguaje: | eslovaco |
| Materias: | |
| Etiquetas: |
Sin Etiquetas, Sea el primero en etiquetar este registro!
|
MARC
| LEADER | 00000naa$a2200000$$$4500 | ||
|---|---|---|---|
| 001 | 0067793 | ||
| 005 | 20251204125703.1 | ||
| 041 | 0 | |a slo | |
| 044 | |a SK | ||
| 245 | 1 | 0 | |a Ľudské hodnoty, etika, udržateľnosť a kvalita života: teória a prax |c Mikuláš Huba |
| 520 | |a Hodnoty a hodnotové orientácie jednotlivcov. Teória hodnôt a postmodernizmus. Definícia hodnôt podľa psychológov. Hodnoty a súčasná realita. Problémy s hodnotami. Hodnoty zlučiteľné s predstavou trvalo udržateľného spôsobu života. | ||
| 610 | 2 | 0 | |a hodnota |
| 610 | 2 | 0 | |a hodnoty ľudské |
| 610 | 2 | 0 | |a etika |
| 610 | 2 | 0 | |a rozvoj trvalo udržateľný |
| 610 | 2 | 0 | |a kvalita života |
| 610 | 2 | 0 | |a prostredie životné |
| 100 | 1 | |a Huba, Mikuláš | |